Calvin Coolidge, 1872-1933 : (Record no. 748)
[ view plain ]
| 000 -LEADER | |
|---|---|
| fixed length control field | 01047cam a2200289 4500 |
| 001 - CONTROL NUMBER | |
| control field | 748 |
| 003 - CONTROL NUMBER IDENTIFIER | |
| rucl marc code | BD-RjUL |
| 005 - DATE AND TIME OF LATEST TRANSACTION | |
| control field | 20211208233226.0 |
| 008 - FIXED-LENGTH DATA ELEMENTS--GENERAL INFORMATION | |
| fixed length control field | 131123s1970 nyu b 001 0 eng d |
| 020 ## - INTERNATIONAL STANDARD BOOK NUMBER | |
| International Standard Book Number | 0379120798 |
| 035 ## - SYSTEM CONTROL NUMBER | |
| System control number | (BD-RjUL)768 |
| 040 ## - CATALOGING SOURCE | |
| Original cataloging agency | DLC |
| Transcribing agency | DLC |
| Modifying agency | DLC |
| -- | BD-RjUL |
| Language of cataloging | eng |
| 041 ## - LANGUAGE CODE | |
| Language code of text/sound track or separate title | eng |
| 082 00 - DEWEY DECIMAL CLASSIFICATION NUMBER | |
| Classification number | 973.91 |
| Edition number | 21 |
| Author mark and year | CAL 1970 |
| 245 00 - TITLE STATEMENT | |
| Title | Calvin Coolidge, 1872-1933 : |
| Remainder of title | chronology - documents- bibliographical aids / |
| Statement of responsibility, etc. | Edited by Philip R. Moran. |
| 260 ## - PUBLICATION, DISTRIBUTION, ETC. (IMPRINT) | |
| Place of publication, distribution, etc. | Dobbs Ferry ; N.Y. : |
| Name of publisher, distributor, etc. | Oceana Publications , |
| Date of publication, distribution, etc. | c1970. |
| 300 ## - PHYSICAL DESCRIPTION | |
| Pagination | 144 p. ; |
| Size | 23 cm. |
| 490 0# - SERIES STATEMENT | |
| Series statement | Oceana presidential chronology series |
| 504 ## - BIBLIOGRAPHY, ETC. NOTE | |
| Bibliography, etc | Bibliography: p. 137-142. |
| 651 #0 - SUBJECT ADDED ENTRY--GEOGRAPHIC NAME | |
| Geographic name | United States |
| General subdivision | History |
| Chronological subdivision | 1919-1933 |
| General subdivision | Sources. |
| 9 (RLIN) | 2227 |
| 700 1# - ADDED ENTRY--PERSONAL NAME | |
| Personal name | Moran, Philip R. |
| 710 1# - ADDED ENTRY--CORPORATE NAME | |
| Corporate name or jurisdiction name as entry element | United States. |
| Subordinate unit | President (1923-1929 : Coolidge) |
| 9 (RLIN) | 2229 |
| 856 ## - ELECTRONIC LOCATION AND ACCESS | |
| Uniform Resource Identifier | <a href="http://www.worldcat.org/title/calvin-coolidge-1872-1933-chronology-documents-bibliographical-aids/oclc/126271&referer=brief_results">http://www.worldcat.org/title/calvin-coolidge-1872-1933-chronology-documents-bibliographical-aids/oclc/126271&referer=brief_results</a> |
| 942 ## - ADDED ENTRY ELEMENTS (KOHA) | |
| Source of classification or shelving scheme | Dewey Decimal Classification |
| Koha item type | Books |
| Lost status | Source of classification or shelving scheme | Damaged status | Not for loan | Collection code | Permanent Location | Current Location | Shelving location | Date acquired | Total Checkouts | Full call number | Date last seen | Copy number | Koha item type |
|---|---|---|---|---|---|---|---|---|---|---|---|---|---|
| Dewey Decimal Classification | Not For Loan | Non-fiction | Central Library, University of Rajshahi | Central Library, University of Rajshahi | Reading Room | 24/06/1989 | 973.91 CAL 1970 | 23/11/2013 | C-1 | Books |